Polscy Medaliści Igrzysk Olimpijskich Los Angeles 1932 - Statystyki

Ogólne statystyki
  • Ten quiz został rozwiązany 8 razy
  • Średni wynik to 9 z 19
Statystyki odpowiedzi
Wskazówka Odpowiedź % Poprawnych
Złoto Janusz Kusociński
100%
Brąz Jadwiga Wajs
67%
Złoto Stanisława Walasiewicz
67%
Brąz Henryk Budziński
50%
Srebro Janusz Ślązak
50%
Brąz Janusz Ślązak
50%
Srebro Jerzy Braun
50%
Brąz Jerzy Braun
50%
Srebro Jerzy Skolimowski
50%
Brąz Jerzy Skolimowski
50%
Brąz Władysław Dobrowolski
50%
Brąz Władysław Segda
50%
Brąz Adam Papee
33%
Brąz Edward Kobyliński
33%
Brąz Jan Krenz-Mikołajczak
33%
Brąz Leszek Lubicz-Nycz
33%
Brąz Marian Suski
33%
Brąz Stanisław Urban
33%
Brąz Tadeusz Friedrich
33%
Nie znaleziono quizów pasujących do podanych kryteriów
Rozkład punktacji
Procent ludzi z każdym wynikiem
Percentyl według liczby udzielonych odpowiedzi
Twoja historia wyników
Nie rozwiązałeś tego quizu